Te Capie - Dei V - Estadísticas

Estadísticas generales
  • Esta prueba ha sido intentada 51 veces
  • La puntuación promedio es 288 de 496
Estadísticas de respuestas
Letra % Correcto
capié
94%
A
88%
a
88%
que
88%
Que
88%
te
88%
Te
88%
88%
88%
tu
88%
eres
82%
Eres
82%
mi
82%
82%
Un
82%
un
82%
V
82%
10
76%
Baby,
76%
baby
76%
baby,
76%
el
76%
El
76%
en
76%
L
76%
Ma',
76%
Ma,
76%
ma,
76%
sed
76%
y
76%
Y
76%
cuello
71%
71%
de
71%
droga
71%
Es
71%
es
71%
me
71%
Mis
71%
mis
71%
mojarte
71%
no
71%
No
71%
Pa'
71%
pa'
71%
pies
71%
tengo
71%
tus
71%
Voy
71%
voy
71%
bien
65%
hombros
65%
la
65%
La
65%
espacio
59%
lo
59%
Lo
59%
mama
59%
Oh
59%
Oh,
59%
oh,
59%
oh
59%
esa,
53%
eso
53%
Pa'l
53%
quiere
53%
quiero
53%
rico,
53%
si
53%
Yo
53%
yo
53%
Al
47%
D-E-I,
47%
des
47%
flores
47%
grandote
47%
las
47%
los
47%
manos
47%
pin
47%
quemarlas
47%
ti
47%
ver
47%
ves
47%
allá
41%
cama
41%
corta
41%
culo
41%
ganas
41%
le
41%
menos
41%
nalgas
41%
person
41%
por
41%
sean
41%
carajo
35%
compro
35%
cortas
35%
Cuando
35%
cuando
35%
Deja
35%
Desde
35%
empuje
35%
esas
35%
par
35%
tener
35%
to'
35%
usarlas
35%
vas
35%
vas,
35%
vi
35%
actúes
29%
beginner
29%
Curry
29%
darle
29%
espalda
29%
faldas
29%
first
29%
gusta
29%
habladera
29%
IG
29%
listen
29%
LV
29%
Mami,
29%
mami
29%
mándame
29%
nudes,
29%
sabes
29%
sin
29%
tiene
29%
ubi
29%
bellaqueando
24%
cojones
24%
con
24%
del
24%
Diablo,
24%
different
24%
ellos
24%
Famoso,
24%
pelear
24%
poner
24%
siento
24%
son
24%
soy
24%
Stephen
24%
tuyo
24%
una
24%
una,
24%
underwater,
24%
booty
18%
bubbie
18%
caigo,
18%
capo
18%
cele
18%
cienes
18%
como
18%
Déjame
18%
dejas
18%
dinner
18%
Ese
18%
ese
18%
Están
18%
esto
18%
fallo
18%
flavor
18%
friend
18%
frontear
18%
jet,
18%
lesson
18%
Mentira,
18%
monto
18%
movie
18%
otra
18%
pantallas
18%
perderte,
18%
Puede
18%
puedo
18%
salir
18%
único
18%
verle
18%
Veterano,
18%
viene
18%
winner
18%
zone
18%
Aunque
12%
busco
12%
casco
12%
conmigo
12%
contando
12%
cuatro
12%
dártelo
12%
dejes
12%
freno
12%
gasto
12%
hay
12%
mandas
12%
mujer
12%
Pareces
12%
plato
12%
pongo
12%
porque
12%
sales
12%
Scooby
12%
Shaggy
12%
sigo
12%
subí
12%
ticket
12%
tier
12%
top
12%
veces
12%
aquí
6%
Ay,
6%
comer
6%
flavors
6%
Frontier
6%
history
6%
hoodie
6%
luli
6%
Maybach
6%
pezón
6%
Repito
6%
Termino
6%
No se encontraron pruebas coincidentes
Distribución de puntuación
Porcentaje de gente con cada puntuación
Porcentaje por número respondido
Historial de tus puntuaciones
No has intentado esta prueba.